| 000 | 01053cam a2200325 i 4500 | ||
|---|---|---|---|
| 001 | 200463212 | ||
| 003 | TR-AnTOB | ||
| 005 | 20241219111532.0 | ||
| 007 | ta | ||
| 008 | 090902n tu $r01 $$$$ tur utur d | ||
| 040 |
_aTR-AnTOB _beng _erda _cTR-AnTOB |
||
| 041 | 0 | _atur | |
| 044 | _ctu | ||
| 050 | 1 | 0 | _aDR592.K4 |
| 090 |
_aDR592.K4 _bÜ535 |
||
| 100 | 1 |
_aÜnal, Taner _eauthor _9147547 |
|
| 245 | 1 | 0 |
_aO bir bozkurttu / _cTaner Ünal. |
| 264 | 1 |
_a[place of publication not identified] : _b[publisher not identified], _c[date of publication not identified]. |
|
| 300 |
_a173 pages ; _c24 cm |
||
| 336 |
_atext _btxt _2rdacontent |
||
| 337 |
_aunmediated _bn _2rdamedia |
||
| 338 |
_avolume _bnc _2rdacarrier |
||
| 504 | _aBIB | ||
| 600 | 1 | 0 |
_aAtatürk, Mustafa Kemal _d1881-1938 _920781 |
| 650 | 0 | _aAtatürk, Gazi Mustafa Kemal, Türkiye Cum. Bşk., 1, 1881-1938 | |
| 650 | 0 |
_aTürkiye _xTarih _xKurtuluş Savaşı, 1919-1923 |
|
| 650 | 7 |
_aMilliyetçilik _zTürkiye _2etuturkob _xTürkiye _97325 |
|
| 942 |
_2lcc _cBK |
||
| 999 |
_c200463212 _d81424 |
||